000 00309nam a22001337a 4500
008 181122b xxu||||| |||| 00| 0 eng d
020 _a9780312396329
041 _aeng
080 _a371
100 _a46
101 _aEDU
245 _aThe Bedford Guide for College Writers
_cKennedy, X.J
942 _2udc
_cBK
999 _c52407
_d52407